000 00317nam a22001337a 4500
008 170707b xxu||||| |||| 00| 0 eng d
020 _a9760312132639
041 _aeng
080 _24TH
_a82
100 _a22
101 _aGJL
245 _aTHE COMPACT BEDFORD INTRODUCTION TO LITERATURE
_cMEYER,M
942 _2udc
_cBK
999 _c20024
_d20024